000
00289nam a2200097Ia 4500
008
220204s9999 xx 000 0 und d
082
_a
362
_b
TRA
245
0
_a
Travancore Cochin literary scientific and charitable societies registration act, 1955
260
_a
Kerala
_b
Govt
_c
1974
942
_c
BK
999
_c
25925
_d
25925